15 Largest Cities in Botswana🇧🇼 - Statistics

General Stats
  • This quiz has been taken 43 times
  • The average score is 4 of 15
Answer Stats
Population City % Correct
208k Gaborone
100%
89k Francistown
55%
49k Maun
30%
44k Kanye
20%
30k Lobatse
20%
44k Mahalapye
20%
30k Palapye
20%
53k Selebi-Phikwe
20%
47k Serowe
20%
63k Molepolole
15%
36k Mochudi
10%
43k Mogoditshane
10%
20k Thamaga
10%
21k Ramotswa
5%
19k Mosopa
0%
No matching quizzes found
Score Distribution
Percent of People with Each Score
Percentile by Number Answered
Your Score History
You have not taken this quiz